00445 2200181 4500001002100000005001500021008004100036020001800077035001900095041000700114082001000121090001600131100001400147245002000161260003000181300001800211650003400229INLIS00000000001520020241224114905241224||||||||| | ||| |||| || |  a979-534-358-0 0010-1224015200 aid0 a551.7 a551.7 GRE b0 aJen Green00aBENCANA ! CUACA aKlatenbbelita presc2006 a32hlm;21x30cm 0ailmu Pengetahuan Tentang Bumi